000 01178cam a2200361u 4500
001 data
005 20260322212111.0
008 data
035 _a10229452
906 _a0
_bcbc
_cpremunv
_du
_encip
_f19
_gy-gencatlg
010 _asd 49000292
035 _9(DLC)sd 49000292
040 _aDLC
_cCarP
_dDLC
043 _aa------
050 0 0 _aUB250
_b.U33 no. 2629
110 1 _aUnited States.
_bResearch and Analysis Branch.
_bResearch and Analysis Branch.
245 1 0 _aFinancial programs of Japan in Japan and occupied areas.
250 _aRev. ed.
260 _aHonolulu,
_c1944.
300 _a2 v. in 1 (263 p.)
_c32 cm.
336 _atext
_btxt
_2rdacontent
337 _aunmediated
_bn
_2rdamedia
338 _avolume
_bnc
_2rdacarrier
650 0 _aFinance
_zJapan.
650 0 _aFinance
_zChina.
650 0 _aFinance
_zBurma.
650 0 _aFinance
_zThailand.
650 0 _aFinance
_zKorea.
650 0 _aFinance
_zPhilippines.
810 1 _aUnited States.
_bOffice of Intelligence Research.
_bOffice of Intelligence Research.
_tR & A
_vno. 2629.
991 _bc-GenColl
_hUB250
_i.U33 no. 2629
_tCopy 1
_wPREM
999 _c1660
_d1660